| 000 | 00577nam a2200193 a 4500 | ||
|---|---|---|---|
| 005 | 20240806064112.0 | ||
| 008 | 991125s1992 ag 000 0 spa u | ||
| 020 | _a9505184816 | ||
| 035 | _aUPN01000003965 | ||
| 049 | _aCG | ||
| 050 | 4 |
_aBF173 _bA9.38 |
|
| 100 | 1 | _aAulagnier, Piera | |
| 245 | 1 | 3 |
_aEl aprendiz de historiador y el maestro - brujo / _cPiera Aulagnier ; tr. José Luis Etcheverry. |
| 260 |
_aBuenos Aires : _bAmorrortu, _c1992. |
||
| 300 | _a263 p. | ||
| 440 | 0 | _aBiblioteca de psicología y psicoanálisis | |
| 650 | 4 |
_aPsicoanálisis _91572 |
|
| 905 | _aLibro | ||
| 999 |
_c3965 _d3965 |
||